| 000 | 01299cam a2200277 i 4500 | ||
|---|---|---|---|
| 003 | SA-RiAUC | ||
| 005 | 20241214065158.0 | ||
| 008 | 241213s1988 pk g 00010 ara c | ||
| 040 |
_aSA-MdTU _bara _cSA-RiAUC _erda |
||
| 082 | 0 | 4 |
_a232 _qSA-RiAUC |
| 090 |
_a232 _bع ظ ي |
||
| 100 | 1 |
_aالعظيم آبادي، محمد شمس الحق، _dتوفي 1329 هجري _eمؤلف. |
|
| 245 | 1 | 2 |
_aالوجازة في الإجازة / _cأبو الطيب محمد شمس الحق العظيم آبادي ؛ تحقيق بدر الزمان محمد شفيع النيبالي. |
| 250 | _aالطبعة الأولى. | ||
| 264 | 1 |
_aكراتشي، باكستان : _bمؤسسة المجمع العلمي، _c1988 |
|
| 300 |
_a187 صفحة ؛ _c24 سم |
||
| 336 |
_aنص _btxt _2rdacontent _3كتاب |
||
| 337 |
_aبدون وسيط _bn _2rdamedia |
||
| 338 |
_aمجلد _bnc _2rdacarrier |
||
| 650 | 7 |
_aالإجازة (علم الحديث) _2aucsh |
|
| 650 | 7 |
_aالحديث _xإسناد _2aucsh |
|
| 700 | 1 |
_aالنيبالي، بدر الزمان محمد شفيع _eمحقق. |
|
| 700 | 1 | 2 |
_iتحقيق لـ (عمل) : _aالعظيم آبادي، محمد شمس الحق، _dتوفي 1329 هجري. _tالوجازة في الإجازة. |
| 942 |
_2ddc _cBOOK _n0 |
||
| 949 |
_aSA-JeALM _d241213 _uosman123 _n1 |
||
| 999 |
_c3470 _d3470 |
||